| 000 | 00452nam a2200181Ia 4500 | ||
|---|---|---|---|
| 003 | OSt | ||
| 005 | 20240118094358.0 | ||
| 008 | 210210b1998 xxu||||| |||| 00| 0 eng d | ||
| 040 | _cAL | ||
| 041 | _aEnglish | ||
| 082 | _a510 BOST | ||
| 100 |
_aBOSCO (S S) _9148107 |
||
| 245 | _aTheory and problems in mathematics I puc | ||
| 260 |
_aMangalore _bBoscoss Publications _c1998 |
||
| 690 |
_aMathematics _9148115 |
||
| 906 | _a054991 | ||
| 942 |
_2ddc _cBK |
||
| 999 |
_c127609 _d127609 |
||